[Event "4NCL 3 South pool A"]
[Site "Telford, ENG ENG"]
[Date "2015.11.15"]
[Round "2.77"]
[White "Stewart, Joseph J"]
[Black "Compton, Alistair"]
[Result "1-0"]
[WhiteElo "2189"]
[BlackElo "2081"]
[PlyCount "131"]
[EventDate "2015.11.15"]

1. e4 e6 2. d4 d5 3. exd5 exd5 4. Bd3 Nc6 5. Nf3 Bg4 6. c3 Bd6 7. O-O Nge7 8.
Bg5 f6 9. Bh4 Qd7 10. b4 Nf5 11. Bg3 Nxg3 12. fxg3 Ne7 13. Qc2 O-O-O 14. Nbd2
g5 15. Nb3 h5 16. Nc5 Bxc5 17. dxc5 Nf5 18. c6 bxc6 19. Qa4 Qd6 20. Qxa7 Rdf8
21. Bxf5+ Bxf5 22. Nd4 Be4 23. Nb3 Kd8 24. Qd4 Qe5 25. Nc5 Qxd4+ 26. cxd4 Ke7
27. Nxe4 dxe4 28. Rac1 Rb8 29. a3 Rb6 30. Rce1 Ra8 31. Rxe4+ Kf7 32. Re3 g4 33.
Rc1 Rba6 34. Rcc3 Rd8 35. Rcd3 Rd5 36. Kf2 Ra8 37. Re2 Rad8 38. Ke3 Rf5 39. Kd2
Rf1 40. Kc3 Rh1 41. Kc4 Rd5 42. a4 Ra1 43. Kb3 Rb1+ 44. Rb2 Ra1 45. Rc3 Rxd4
46. Rxc6 Rd3+ 47. Kc4 Rd7 48. Kb5 Kg6 49. a5 Rad1 50. Rbc2 R1d5+ 51. R2c5 Rd2
52. Rxc7 Rxc7 53. Rxc7 Rxg2 54. a6 Rxh2 55. a7 Ra2 56. Kc4 h4 57. Kb3 Ra1 58.
Kb2 Ra4 59. b5 hxg3 60. b6 Kg5 61. b7 Rxa7 62. b8=Q Rxc7 63. Qxc7 Kh4 64. Qh7+
Kg5 65. Qg7+ Kf5 66. Qc7 1-0

[Event "4NCL 3 South pool A"]
[Site "Telford, ENG ENG"]
[Date "2015.11.15"]
[Round "2.78"]
[White "Jaszkiwskyj, Peter"]
[Black "Bullen, Alex"]
[Result "1/2-1/2"]
[WhiteElo "1980"]
[BlackElo "2040"]
[PlyCount "59"]
[EventDate "2015.11.15"]

1. d4 Nf6 2. c4 e6 3. Nf3 d5 4. Nc3 Nbd7 5. Bg5 c6 6. e3 Qa5 7. Nd2 Bb4 8. Qc2
e5 9. Bxf6 Nxf6 10. dxe5 Ne4 11. Ncxe4 dxe4 12. a3 Bxd2+ 13. Qxd2 Qxe5 14. Be2
O-O 15. O-O-O Be6 16. Qd4 Qxd4 17. Rxd4 f5 18. g3 Kf7 19. Kc2 Ke7 20. Kc3 c5
21. Rd2 Rad8 22. Rxd8 Rxd8 23. Rd1 Rd6 24. Rxd6 Kxd6 25. h4 g6 26. Bd1 Bd7 27.
Bc2 h5 28. Bd1 Bc6 29. Bc2 Bd7 30. Bd1 1/2-1/2

[Event "4NCL 3 South pool A"]
[Site "Telford, ENG ENG"]
[Date "2015.11.15"]
[Round "2.79"]
[White "Richardt, Mike"]
[Black "Gibson, Christopher A"]
[Result "1/2-1/2"]
[WhiteElo "2038"]
[BlackElo "1926"]
[PlyCount "27"]
[EventDate "2015.11.15"]

1. d4 Nf6 2. c4 g6 3. Nc3 Bg7 4. e4 d6 5. f4 O-O 6. Nf3 c5 7. d5 b5 8. cxb5 a6
9. a4 Bb7 10. bxa6 Bxa6 11. Bxa6 Nxa6 12. O-O Nb4 13. Qe2 Qb6 14. Nd2 1/2-1/2

[Event "4NCL 3 South pool A"]
[Site "Telford, ENG ENG"]
[Date "2015.11.15"]
[Round "2.80"]
[White "Ressel, Eva"]
[Black "Spencer, Douglas"]
[Result "0-1"]
[WhiteElo "1600"]
[BlackElo "2016"]
[PlyCount "80"]
[EventDate "2015.11.15"]

1. e4 e5 2. Nf3 Nf6 3. Nc3 Bb4 4. Nxe5 O-O 5. Be2 d6 6. Nd3 Bxc3 7. dxc3 Nxe4
8. O-O Bf5 9. Re1 Re8 10. Nf4 Nf6 11. Bd3 Bxd3 12. cxd3 Rxe1+ 13. Qxe1 Nc6 14.
Be3 Qd7 15. Qd2 Re8 16. Re1 Qf5 17. g3 h6 18. Ng2 Ne5 19. Nh4 Qxd3 20. f4 Qxd2
21. Bxd2 Nd3 22. Rxe8+ Nxe8 23. b3 Nf6 24. Kf1 Ne4 25. Be3 Nxc3 26. Bxa7 b6 27.
Bb8 Nd5 28. a3 Nc5 29. b4 Nd7 30. Ba7 Nc3 31. Nf5 Nb5 32. Ne7+ Kf8 33. Nc6 Nxa3
34. Bb8 Nxb8 35. Nxb8 Ke8 36. Ke2 Nc2 37. Nc6 Kd7 38. b5 Ke6 39. Kd3 Na3 40.
Nd4+ Kd5 0-1

[Event "4NCL 3 South pool A"]
[Site "Telford, ENG ENG"]
[Date "2015.11.15"]
[Round "2.85"]
[White "Ferrington, Nigel M"]
[Black "Dickinson, Tim R"]
[Result "1-0"]
[WhiteElo "2290"]
[BlackElo "2116"]
[PlyCount "159"]
[EventDate "2015.11.15"]

1. e4 e6 2. d4 d5 3. Nc3 Nf6 4. e5 Nfd7 5. f4 c5 6. Nf3 Nc6 7. Be3 Be7 8. Qd2
O-O 9. dxc5 Nxc5 10. O-O-O a6 11. Kb1 b5 12. Qf2 Nd7 13. Bd3 f6 14. Qh4 f5 15.
Qh3 Nc5 16. Bxc5 Bxc5 17. g4 g6 18. gxf5 gxf5 19. Ne2 Kh8 20. Ng3 Ra7 21. Nh5
Rg8 22. Nf6 Rgg7 23. Ng5 Nxe5 24. Nxe6 Qxf6 25. Nxc5 Ng4 26. Qf3 Qd6 27. Nb3
Rae7 28. Nd4 Re3 29. Qf1 Qf6 30. h3 Nh6 31. Nf3 Nf7 32. Qf2 Re7 33. Qc5 Nd6 34.
Rhe1 Bb7 35. Rxe7 Rxe7 36. Qb6 Ne4 37. Qxf6+ Nxf6 38. Nd4 Re3 39. Bxf5 Nh5 40.
c3 Nxf4 41. Rf1 Ne2 42. Nxe2 Rxe2 43. Bxh7 Kg7 44. Bf5 Rd2 45. Kc1 Rh2 46. Be6
Bc6 47. Rf7+ Kh6 48. Rc7 Be8 49. Bf7 Bxf7 50. Rxf7 Kg6 51. Rd7 Kf5 52. Rxd5+
Ke4 53. Rd4+ Ke5 54. a4 Rxh3 55. axb5 axb5 56. Rb4 Kd5 57. Rxb5+ Kc4 58. Rb4+
Kc5 59. Kc2 Rh2+ 60. Kb3 Rh8 61. Rc4+ Kd5 62. Rg4 Rb8+ 63. Kc2 Rh8 64. Rg5+ Kc6
65. b4 Kb6 66. Rg6+ Kb5 67. Rg5+ Kb6 68. c4 Rh3 69. Rd5 Kc6 70. Rd3 Rh1 71. Rg3
Rh6 72. Kb3 Kb6 73. Ka4 Kb7 74. c5 Rh5 75. Kb5 Rh7 76. Rg6 Ka7 77. Rd6 Kb7 78.
c6+ Kb8 79. Rd8+ Kc7 80. Rd7+ 1-0

[Event "4NCL 3 South pool A"]
[Site "Telford, ENG ENG"]
[Date "2015.11.15"]
[Round "2.86"]
[White "Truran, Michael C"]
[Black "Rutter, Nick J"]
[Result "1/2-1/2"]
[WhiteElo "2147"]
[BlackElo "2215"]
[PlyCount "43"]
[EventDate "2015.11.15"]

1. d4 d5 2. c4 e6 3. Nc3 c6 4. Nf3 Nf6 5. cxd5 exd5 6. Bg5 Be7 7. e3 Bf5 8. Bd3
Bxd3 9. Qxd3 O-O 10. Ne5 Nfd7 11. Bxe7 Nxe5 12. dxe5 Qxe7 13. f4 f6 14. exf6
Rxf6 15. O-O Nd7 16. Rae1 Nc5 17. Qd4 Ne6 18. Qe5 Re8 19. e4 d4 20. Nd1 Nxf4
21. Qxd4 c5 22. Qe3 1/2-1/2

[Event "4NCL 3 South pool A"]
[Site "Telford, ENG ENG"]
[Date "2015.11.15"]
[Round "2.88"]
[White "Brackmann, Hendrik"]
[Black "Hopkins, Jamie R"]
[Result "1/2-1/2"]
[WhiteElo "2029"]
[BlackElo "2080"]
[PlyCount "49"]
[EventDate "2015.11.15"]

1. e4 c5 2. Nf3 Nc6 3. d4 cxd4 4. Nxd4 e5 5. Nb5 d6 6. N1c3 a6 7. Na3 b5 8. Nd5
Nf6 9. Bg5 Be7 10. Bxf6 Bxf6 11. c3 Bg5 12. Nc2 Rb8 13. Be2 O-O 14. O-O a5 15.
g3 Ne7 16. Na3 Nxd5 17. Qxd5 Be6 18. Qd3 b4 19. Nc4 Bxc4 20. Qxc4 Rc8 21. Qb3
bxc3 22. bxc3 Bd2 23. c4 Bb4 24. Rab1 Qc7 25. Qa4 1/2-1/2

[Event "4NCL 3 South pool A"]
[Site "Telford, ENG ENG"]
[Date "2015.11.15"]
[Round "2.89"]
[White "Gostelow, David W"]
[Black "Neatherway, A Philip"]
[Result "1-0"]
[WhiteElo "2072"]
[BlackElo "1860"]
[PlyCount "69"]
[EventDate "2015.11.15"]

1. d4 d5 2. Nf3 Nf6 3. Bf4 c5 4. e3 Nc6 5. c3 g6 6. Nbd2 Bg7 7. dxc5 Nd7 8. Nb3
e5 9. Bg3 e4 10. Nfd4 a6 11. Be2 Nde5 12. Qd2 O-O 13. O-O h5 14. f4 exf3 15.
gxf3 h4 16. Bf4 Bh3 17. Rf2 g5 18. Nxc6 bxc6 19. Bxe5 Bxe5 20. Nd4 Qd7 21. Bf1
Bxf1 22. Raxf1 h3 23. Kh1 f5 24. Rg1 Bf6 25. Rg3 Rae8 26. Rf1 Rf7 27. Qd3 Bd8
28. Rfg1 f4 29. exf4 Rxf4 30. Qg6+ Kf8 31. Qxc6 Qf7 32. Qh6+ Qg7 33. Rxh3 Re3
34. Ne6+ Rxe6 35. Qxe6 1-0

[Event "4NCL 3 South pool A"]
[Site "Telford, ENG ENG"]
[Date "2015.11.15"]
[Round "2.90"]
[White "Terry, Sean"]
[Black "Bryant, Richard B E"]
[Result "1-0"]
[WhiteElo "1910"]
[BlackElo "2035"]
[PlyCount "113"]
[EventDate "2015.11.15"]

1. e4 e6 2. d4 d5 3. Nc3 Bb4 4. exd5 exd5 5. Bd3 Ne7 6. Qh5 Nbc6 7. Nf3 Be6 8.
O-O g6 9. Qg5 Qd7 10. a3 Bxc3 11. bxc3 Rf8 12. Re1 O-O-O 13. Ne5 Nxe5 14. Qxe5
Nc6 15. Qe2 Rde8 16. Be3 f6 17. a4 Na5 18. Qd1 Bf5 19. Qb1 Bxd3 20. cxd3 a6 21.
Qb4 Nc6 22. Qb2 Re6 23. Reb1 Nd8 24. a5 Rc6 25. Ra3 Qe6 26. Rb3 Re8 27. h3 g5
28. Rb4 g4 29. hxg4 Qxg4 30. c4 Rg8 31. g3 Qf5 32. Qb3 Re6 33. Re1 Rg5 34. Kg2
Rh5 35. Rh1 Rxh1 36. Kxh1 c6 37. Kg2 h5 38. Qd1 Re8 39. Qf3 Qxf3+ 40. Kxf3 Ne6
41. cxd5 cxd5 42. Rb6 f5 43. Rd6 h4 44. gxh4 f4 45. Bd2 Nxd4+ 46. Kxf4 Rf8+ 47.
Kg4 Nb3 48. Bg5 d4 49. f4 Kc7 50. Rf6 Rg8 51. h5 Nxa5 52. h6 Nc6 53. h7 Rh8 54.
Rf7+ Kb6 55. Bf6 Rxh7 56. Rxh7 a5 57. Rd7 1-0

[Event "4NCL 3 South pool A"]
[Site "Telford, ENG ENG"]
[Date "2016.01.17"]
[Round "4.55"]
[White "Young, Alan"]
[Black "Myall, Ivan J"]
[Result "1/2-1/2"]
[WhiteElo "2090"]
[BlackElo "2080"]
[PlyCount "44"]
[EventDate "2016.01.17"]
[WhiteTeam "Rhyfelwyr Essyllwg"]
[BlackTeam "Anglian Avengers 2"]

1. e4 d5 2. exd5 Nf6 3. Nf3 Nxd5 4. d4 Bg4 5. Be2 Nc6 6. c4 Nf6 7. d5 Bxf3 8.
Bxf3 Ne5 9. O-O Qd7 10. Be2 O-O-O 11. Nc3 e6 12. Bf4 Ng6 13. Bg3 e5 14. Rc1 h5
15. h3 Kb8 16. a3 Rh6 17. b4 Nf4 18. Bxf4 exf4 19. c5 Nxd5 20. Nxd5 Qxd5 21.
Qxd5 Rxd5 22. Bc4 Rd8 1/2-1/2

[Event "4NCL 3 South pool A"]
[Site "Telford, ENG ENG"]
[Date "2016.01.17"]
[Round "4.56"]
[White "Lunn, Timothy"]
[Black "Brown, Thomas"]
[Result "0-1"]
[WhiteElo "2057"]
[BlackElo "2072"]
[PlyCount "70"]
[EventDate "2016.01.17"]
[WhiteTeam "Anglian Avengers 2"]
[BlackTeam "Rhyfelwyr Essyllwg"]

1. e4 c6 2. c4 e5 3. Nf3 d6 4. Nc3 Nf6 5. Be2 Nbd7 6. O-O g6 7. d4 Bg7 8. Re1
O-O 9. Bg5 h6 10. Be3 exd4 11. Nxd4 Re8 12. Qc2 Qe7 13. f3 d5 14. cxd5 cxd5 15.
Ndb5 Nf8 16. Bf2 dxe4 17. Nxe4 Bf5 18. Bd3 Bxe4 19. Bxe4 Qb4 20. Bd3 Rac8 21.
Qb3 Qxb3 22. axb3 a6 23. Nd6 Rxe1+ 24. Rxe1 Rd8 25. Bg3 Nh5 26. Bc4 Bd4+ 27.
Bf2 Bxf2+ 28. Kxf2 Rxd6 29. Re7 Rd7 30. Bxf7+ Kg7 31. Rxd7 Nxd7 32. Bd5 b6 33.
b4 Nf4 34. Bc4 b5 35. Bf1 Nd5 0-1

[Event "4NCL 3 South pool A"]
[Site "Telford, ENG ENG"]
[Date "2016.01.17"]
[Round "4.57"]
[White "Van Kemenade, Rudy"]
[Black "Wallis, Ian J"]
[Result "1-0"]
[WhiteElo "1964"]
[BlackElo "2117"]
[PlyCount "53"]
[EventDate "2016.01.17"]
[WhiteTeam "Rhyfelwyr Essyllwg"]
[BlackTeam "Anglian Avengers 2"]

1. d4 Nf6 2. c4 d6 3. Nc3 Nbd7 4. e4 e5 5. Nf3 Be7 6. Be2 O-O 7. O-O c6 8. h3
Qe8 9. Re1 Bd8 10. Bf1 Bb6 11. Rb1 Qe7 12. b4 exd4 13. Nxd4 a5 14. a3 axb4 15.
axb4 Re8 16. Nf5 Qe5 17. Nxd6 Qxc3 18. Bb2 Qg3 19. c5 Qg5 20. Nxe8 Nxe8 21.
cxb6 Ne5 22. g3 Be6 23. h4 Qf6 24. f4 Qg6 25. Bxe5 Qxg3+ 26. Bg2 Bg4 27. Qd2
1-0

[Event "4NCL 3 South pool A"]
[Site "Telford, ENG ENG"]
[Date "2016.01.17"]
[Round "4.58"]
[White "Fogg, Martin"]
[Black "Hatchett, Paul"]
[Result "1/2-1/2"]
[WhiteElo "1982"]
[BlackElo "1992"]
[PlyCount "27"]
[EventDate "2016.01.17"]
[WhiteTeam "Anglian Avengers 2"]
[BlackTeam "Rhyfelwyr Essyllwg"]

1. e4 Nf6 2. e5 Nd5 3. d4 d6 4. Nf3 Bg4 5. exd6 exd6 6. Be2 Be7 7. O-O O-O 8.
Re1 Nc6 9. c3 Nb6 10. Nbd2 h6 11. Nf1 f5 12. Ne3 Bh5 13. Qc2 Qd7 14. Bd3
1/2-1/2

[Event "4NCL 3 South pool A"]
[Site "Telford, ENG ENG"]
[Date "2016.01.17"]
[Round "4.59"]
[White "Taylor, Robert Graham"]
[Black "Lamont, Richard"]
[Result "1/2-1/2"]
[WhiteElo "2002"]
[BlackElo "1922"]
[PlyCount "86"]
[EventDate "2016.01.17"]
[WhiteTeam "Rhyfelwyr Essyllwg"]
[BlackTeam "Anglian Avengers 2"]

1. d4 Nf6 2. Nf3 d5 3. c4 c6 4. Nc3 Bg4 5. Ne5 Bh5 6. Qb3 Qb6 7. Qxb6 axb6 8.
cxd5 Nxd5 9. Nxd5 cxd5 10. e3 f6 11. Nd3 Nc6 12. Bd2 e6 13. a3 Bd6 14. h3 O-O
15. Be2 Bxe2 16. Kxe2 e5 17. Nb4 Bxb4 18. Bxb4 Rfe8 19. Kd3 Rec8 20. Bc3 e4+
21. Kd2 Kf7 22. f3 Na5 23. Bxa5 bxa5 24. fxe4 dxe4 25. Rac1 Rc6 26. Rc3 Ke6 27.
Rf1 g6 28. Rf4 f5 29. g4 a4 30. gxf5+ gxf5 31. d5+ Kxd5 32. Rxf5+ Ke6 33. Rf4
Rd8+ 34. Kc2 Ke5 35. Rf7 Rh6 36. Rcc7 Rxh3 37. Rce7+ Kd5 38. Rf5+ Kd6 39. Rxe4
Rh2+ 40. Kb1 Rd7 41. Rxa4 Re7 42. Rd4+ Kc7 43. Rd3 Rh3 1/2-1/2

[Event "4NCL 3 South pool A"]
[Site "Telford, ENG ENG"]
[Date "2016.01.17"]
[Round "4.60"]
[White "Woodcock, Keith D"]
[Black "Slater, Peter"]
[Result "1/2-1/2"]
[WhiteElo "1666"]
[BlackElo "1670"]
[PlyCount "70"]
[EventDate "2016.01.17"]
[WhiteTeam "Anglian Avengers 2"]
[BlackTeam "Rhyfelwyr Essyllwg"]

1. d4 f5 2. Nc3 Nf6 3. Bg5 h6 4. Bxf6 exf6 5. e4 Bb4 6. Qh5+ Kf8 7. Bc4 Bxc3+
8. bxc3 Qe7 9. Ne2 Qe8 10. Qxf5 d6 11. Qd5 Nd7 12. Qa5 Nb6 13. Bd3 Be6 14. O-O
Qd8 15. Nf4 Bf7 16. Rad1 g5 17. Ne2 Nc4 18. Qb4 Nb6 19. f4 a5 20. Qb1 g4 21. d5
h5 22. c4 Kg7 23. Qb2 Rb8 24. e5 Qe7 25. Nd4 Bg6 26. exf6+ Qxf6 27. Ne6+ Kf7
28. Ng5+ Kg7 29. Qxf6+ Kxf6 30. Bxg6 Kxg6 31. Rd4 Rhe8 32. Ne6 c5 33. Re4 Nd7
34. f5+ Kf6 35. Re3 Ne5 1/2-1/2

[Event "4NCL 3 South pool A"]
[Site "Telford, ENG ENG"]
[Date "2016.01.17"]
[Round "4.65"]
[White "Hall, John"]
[Black "Cooper, Lawrence H"]
[Result "1/2-1/2"]
[WhiteElo "2179"]
[BlackElo "2349"]
[PlyCount "35"]
[EventDate "2016.01.17"]
[WhiteTeam "Leeds University Old Boys"]
[BlackTeam "Midland Monarchs 1"]

1. e4 e5 2. Nf3 Nc6 3. Bb5 a6 4. Ba4 Nf6 5. O-O b5 6. Bb3 Bc5 7. c3 d6 8. d4
Ba7 9. h3 h6 10. dxe5 Nxe5 11. Nxe5 dxe5 12. Qxd8+ Kxd8 13. Nd2 Ke7 14. Nf3 Bb7
15. Nxe5 Nxe4 16. Be3 Kf6 17. Nd7+ Ke7 18. Ne5 1/2-1/2

[Event "4NCL 3 South pool A"]
[Site "Telford, ENG ENG"]
[Date "2016.01.17"]
[Round "4.66"]
[White "Devangi, Patankar"]
[Black "McGann, Gary"]
[Result "1/2-1/2"]
[WhiteElo "2098"]
[BlackElo "2088"]
[PlyCount "40"]
[EventDate "2016.01.17"]
[WhiteTeam "Midland Monarchs 1"]
[BlackTeam "Leeds University Old Boys"]

1. e4 b6 2. d4 Bb7 3. Nc3 e6 4. Be3 Bb4 5. Bd3 Nf6 6. f3 c5 7. dxc5 bxc5 8. a3
Bxc3+ 9. bxc3 Qc7 10. c4 O-O 11. Ne2 d5 12. exd5 exd5 13. cxd5 Nxd5 14. Bd2 c4
15. Be4 Rd8 16. Bxd5 Rxd5 17. Qc1 Qe7 18. Kf2 Nc6 19. Re1 Rad8 20. Bf4 Qf6
1/2-1/2

[Event "4NCL 3 South pool A"]
[Site "Telford, ENG ENG"]
[Date "2016.01.17"]
[Round "4.67"]
[White "Deighton, Simon"]
[Black "Manelidou, Maria"]
[Result "0-1"]
[WhiteElo "2020"]
[BlackElo "2093"]
[PlyCount "62"]
[EventDate "2016.01.17"]
[WhiteTeam "Leeds University Old Boys"]
[BlackTeam "Midland Monarchs 1"]

1. d4 d5 2. c4 c6 3. Nf3 Nf6 4. Nc3 e6 5. Bg5 h6 6. Bh4 g5 7. Bg3 dxc4 8. e4 b5
9. Be2 b4 10. Na4 Nxe4 11. Bxc4 Nxg3 12. fxg3 Bg7 13. O-O Nd7 14. Qe2 Nb6 15.
Nxb6 Bxd4+ 16. Nxd4 Qxd4+ 17. Kh1 axb6 18. Rad1 Qc5 19. Qf3 O-O 20. Bb3 Ba6 21.
Rf2 Qe5 22. Qxc6 Rad8 23. Qf3 Rxd1+ 24. Qxd1 Kg7 25. Rd2 Rc8 26. Qg1 Rc5 27.
Qf2 Rc1+ 28. Rd1 Rxd1+ 29. Bxd1 Qc5 30. Qd2 e5 31. h3 e4 0-1

[Event "4NCL 3 South pool A"]
[Site "Telford, ENG ENG"]
[Date "2016.01.17"]
[Round "4.68"]
[White "Serbanescu, Diana-Maria"]
[Black "Mossong, Hubert"]
[Result "1/2-1/2"]
[WhiteElo "2042"]
[BlackElo "2039"]
[PlyCount "123"]
[EventDate "2016.01.17"]
[WhiteTeam "Midland Monarchs 1"]
[BlackTeam "Leeds University Old Boys"]

1. e4 d6 2. d4 Nf6 3. Nc3 c6 4. f4 Qa5 5. Bd3 e5 6. Nf3 Bg4 7. dxe5 dxe5 8. h3
Bxf3 9. Qxf3 Nbd7 10. Bd2 Qc7 11. g3 Bc5 12. O-O-O O-O-O 13. Bc4 Rhf8 14. Rhe1
b5 15. Bb3 Bd6 16. a3 Nb6 17. Kb1 Kb7 18. Bc1 Qe7 19. Be3 Nfd7 20. Qg4 g6 21.
f5 b4 22. axb4 Bxb4 23. Bh6 Rfe8 24. Qf3 f6 25. fxg6 hxg6 26. Bc1 Nc5 27. Ba2
Rd4 28. Rf1 Red8 29. Rde1 R4d6 30. Re2 Nbd7 31. h4 Rb8 32. g4 Ka8 33. Qe3 Rd4
34. Ref2 Qd6 35. Rf3 Bxc3 36. Qxc3 Nxe4 37. Qa5 Rdb4 38. Ra3 Qc5 39. Qxc5 Ndxc5
40. Rg1 Rh8 41. Bf7 Rxh4 42. Bxg6 Nd6 43. g5 fxg5 44. Rxg5 Rh1 45. Rag3 Nc4 46.
Rg1 Rxg1 47. Rxg1 Nxb2 48. Bxb2 Na4 49. Kc1 Nxb2 50. Be8 Rb6 51. Rg6 Kb7 52.
Rg7+ Ka6 53. Rg6 Nc4 54. Bf7 Kb5 55. Rg5 Nd6 56. Rxe5+ c5 57. Be6 a5 58. Bd7+
Kb4 59. c3+ Kc4 60. Be6+ Kb5 61. Bd7+ Kc4 62. Be6+ 1/2-1/2

[Event "4NCL 3 South pool A"]
[Site "Telford, ENG ENG"]
[Date "2016.01.17"]
[Round "4.69"]
[White "Birkin, Mark H"]
[Black "Green, Michael"]
[Result "1/2-1/2"]
[WhiteElo "2050"]
[BlackElo "2042"]
[PlyCount "36"]
[EventDate "2016.01.17"]
[WhiteTeam "Leeds University Old Boys"]
[BlackTeam "Midland Monarchs 1"]

1. e4 e6 2. d3 d5 3. Qe2 Nf6 4. Nf3 Nc6 5. e5 Nd7 6. g3 f6 7. exf6 Nxf6 8. Bh3
Qe7 9. d4 Bd7 10. O-O O-O-O 11. c3 Re8 12. Ne5 Nxe5 13. dxe5 Ne4 14. Bg2 h5 15.
h4 Qf7 16. Nd2 Nxd2 17. Bxd2 Be7 18. c4 Reg8 1/2-1/2

[Event "4NCL 3 South pool A"]
[Site "Telford, ENG ENG"]
[Date "2016.01.17"]
[Round "4.70"]
[White "Munshi, Aditya"]
[Black "Wojciechowski, Paul"]
[Result "1/2-1/2"]
[WhiteElo "1937"]
[BlackElo "2008"]
[PlyCount "37"]
[EventDate "2016.01.17"]
[WhiteTeam "Midland Monarchs 1"]
[BlackTeam "Leeds University Old Boys"]

1. e4 c5 2. Nf3 d6 3. d4 cxd4 4. Nxd4 Nf6 5. Nc3 a6 6. h3 e5 7. Nde2 Be7 8. Be3
b5 9. Nd5 Nbd7 10. g4 Bb7 11. Bg2 Rc8 12. O-O O-O 13. Ng3 Nxd5 14. exd5 g6 15.
Qd2 Qc7 16. Rac1 Bf6 17. Ne4 Bg7 18. Bh6 Nc5 19. Bxg7 1/2-1/2

[Event "4NCL 3 South pool A"]
[Site "Telford, ENG ENG"]
[Date "2016.01.17"]
[Round "4.75"]
[White "Rudd, Jack"]
[Black "Ferrington, Nigel M"]
[Result "1-0"]
[WhiteElo "2255"]
[BlackElo "2290"]
[PlyCount "91"]
[EventDate "2016.01.17"]
[WhiteTeam "West is Best 1"]
[BlackTeam "Shropshire 1"]

1. d4 d5 2. c4 e6 3. Nc3 c5 4. cxd5 exd5 5. Nf3 Nc6 6. g3 Nf6 7. Bg2 Be7 8. O-O
O-O 9. dxc5 Bxc5 10. Bg5 d4 11. Na4 Be7 12. Rc1 Bg4 13. Nc5 Bxc5 14. Rxc5 Qb6
15. Rc2 Bf5 16. Bxf6 Bxc2 17. Qxc2 gxf6 18. Qf5 Ne7 19. Qg4+ Kh8 20. Nxd4 Rg8
21. Qf4 Ng6 22. Qd2 Rgd8 23. e3 Qa6 24. Qb4 Rd7 25. Rc1 Ne5 26. Qb3 Rad8 27.
Be4 Qb6 28. Qc2 Rxd4 29. exd4 Qxd4 30. Bxb7 Qb4 31. Qf5 Kg7 32. Be4 Ng6 33. b3
Rd4 34. Bb1 Rd2 35. h4 Qd4 36. h5 Nf8 37. Rc4 Qe5 38. Rg4+ Kh6 39. Ra4 Qe1+ 40.
Kg2 Rd1 41. Qf4+ Kg7 42. h6+ Kg8 43. Qg4+ Ng6 44. Qc8+ Nf8 45. Rg4+ Kh8 46.
Qxf8# 1-0

[Event "4NCL 3 South pool A"]
[Site "Telford, ENG ENG"]
[Date "2016.01.17"]
[Round "4.76"]
[White "Rutter, Nick J"]
[Black "Rees, Ioan"]
[Result "0-1"]
[WhiteElo "2215"]
[BlackElo "2242"]
[PlyCount "88"]
[EventDate "2016.01.17"]
[WhiteTeam "Shropshire 1"]
[BlackTeam "West is Best 1"]

1. e4 c5 2. Nf3 Nc6 3. d4 cxd4 4. Nxd4 e5 5. Nb5 d6 6. N1c3 a6 7. Na3 Be7 8.
Nc4 b5 9. Ne3 Nf6 10. Bd3 O-O 11. Ncd5 Nxd5 12. Nxd5 Bg5 13. O-O Be6 14. a4
Bxc1 15. Qxc1 Rb8 16. axb5 axb5 17. Ne3 Qb6 18. Qd2 Ne7 19. Rfd1 Rfd8 20. Ra5
b4 21. Rda1 Nc6 22. Ra6 Qb7 23. Bf1 Nd4 24. f3 d5 25. Ra7 Qc8 26. Qf2 dxe4 27.
fxe4 Qc6 28. Bd3 Ra8 29. Rxa8 Rxa8 30. Rxa8+ Qxa8 31. Qe1 Qa7 32. Kf1 Qc5 33.
Qd2 g6 34. b3 Kg7 35. Bc4 Bxc4+ 36. Nxc4 Qc6 37. Nxe5 Qf6+ 38. Nf3 Nxf3 39.
gxf3 Qxf3+ 40. Kg1 Qxe4 41. Qf2 h5 42. Qc5 h4 43. Qc8 g5 44. Qc5 Qf4 0-1

[Event "4NCL 3 South pool A"]
[Site "Telford, ENG ENG"]
[Date "2016.01.17"]
[Round "4.77"]
[White "Stewart, Joseph J"]
[Black "Whyte, Brian G"]
[Result "1-0"]
[WhiteElo "2181"]
[BlackElo "2155"]
[PlyCount "107"]
[EventDate "2016.01.17"]
[WhiteTeam "West is Best 1"]
[BlackTeam "Shropshire 1"]

1. e4 e6 2. d4 d5 3. exd5 exd5 4. Bd3 Nf6 5. Nf3 Bg4 6. O-O Be7 7. b3 O-O 8.
Bb2 Ne4 9. h3 Bh5 10. g4 Bg6 11. Ne5 Bd6 12. f4 f6 13. Nxg6 hxg6 14. Nc3 Nxc3
15. Bxc3 Kf7 16. Qf3 c6 17. Bd2 Na6 18. Bxa6 bxa6 19. c4 Bc7 20. Rac1 Bb6 21.
c5 Bc7 22. Qd3 a5 23. Qa6 Rh8 24. Rf3 Qd7 25. Re1 a4 26. Rfe3 Rhe8 27. Rxe8
Rxe8 28. Rxe8 Kxe8 29. Qxa7 axb3 30. axb3 Qe7 31. Kf2 Bd8 32. Qxe7+ Kxe7 33. f5
g5 34. Ke2 Kd7 35. Be1 Kc8 36. Bg3 Kb7 37. Bd6 Ka6 38. Kd3 Kb5 39. Kc3 Ba5+ 40.
Kc2 Kb4 41. Kb2 Kb5 42. Bf8 Kb4 43. Bxg7 Bd8 44. Bf8 Kb5 45. Bd6 Kb4 46. Bg3
Kb5 47. h4 gxh4 48. Bxh4 Kb4 49. Be1+ Kb5 50. Bd2 Be7 51. Kc2 Bf8 52. g5 fxg5
53. Bxg5 Kb4 54. f6 1-0

[Event "4NCL 3 South pool A"]
[Site "Telford, ENG ENG"]
[Date "2016.01.17"]
[Round "4.78"]
[White "Hopkins, Jamie R"]
[Black "Edgell, Ben P"]
[Result "1/2-1/2"]
[WhiteElo "2080"]
[BlackElo "2130"]
[PlyCount "73"]
[EventDate "2016.01.17"]
[WhiteTeam "Shropshire 1"]
[BlackTeam "West is Best 1"]

1. c4 e5 2. g3 Nf6 3. Bg2 h6 4. Nc3 Bb4 5. a3 Bxc3 6. dxc3 O-O 7. e4 d6 8. Qe2
Be6 9. Nf3 Qd7 10. Nd2 Nc6 11. O-O Bh3 12. f3 Bxg2 13. Kxg2 Nh7 14. Nb3 f5 15.
exf5 Qxf5 16. Be3 Rae8 17. Rad1 Nf6 18. Rde1 Ne7 19. Bg1 g5 20. Na1 b6 21. Nc2
Qg6 22. Ne3 h5 23. Qc2 Qxc2+ 24. Nxc2 Kg7 25. Ne3 Kg6 26. Rd1 Nf5 27. Nxf5 Kxf5
28. Rde1 Rf7 29. Re2 Ref8 30. Be3 Kg6 31. Ref2 e4 32. Bd4 g4 33. fxg4 Nxg4 34.
Rxf7 Rxf7 35. Rxf7 Kxf7 36. h3 Nh6 37. Kf2 1/2-1/2

[Event "4NCL 3 South pool A"]
[Site "Telford, ENG ENG"]
[Date "2016.01.17"]
[Round "4.79"]
[White "Bullen, Alex"]
[Black "Gostelow, David W"]
[Result "1/2-1/2"]
[WhiteElo "2008"]
[BlackElo "2072"]
[PlyCount "45"]
[EventDate "2016.01.17"]
[WhiteTeam "West is Best 1"]
[BlackTeam "Shropshire 1"]

1. d4 d5 2. c4 c6 3. Nf3 Nf6 4. g3 e6 5. Bg2 Bd6 6. O-O O-O 7. Qc2 Nbd7 8. Nbd2
Re8 9. e4 dxe4 10. Nxe4 Nxe4 11. Qxe4 e5 12. dxe5 Nxe5 13. Nxe5 Bxe5 14. Re1
Bd7 15. Qc2 Qf6 16. Be4 h6 17. Rb1 Bg4 18. Be3 Bd4 19. Bxd4 Qxd4 20. Qd3 Qxd3
21. Bxd3 Bf3 22. Kf1 Kf8 23. Rxe8+ 1/2-1/2

[Event "4NCL 3 South pool A"]
[Site "Telford, ENG ENG"]
[Date "2016.01.17"]
[Round "4.80"]
[White "Bryant, Richard B E"]
[Black "Homer, Stephen J"]
[Result "1/2-1/2"]
[WhiteElo "2035"]
[BlackElo "1992"]
[PlyCount "123"]
[EventDate "2016.01.17"]
[WhiteTeam "Shropshire 1"]
[BlackTeam "West is Best 1"]

1. e4 c5 2. Nc3 Nc6 3. f4 g6 4. Nf3 Bg7 5. Bb5 Nd4 6. Bd3 d6 7. Nxd4 cxd4 8.
Ne2 Nf6 9. b3 Nd7 10. Bb2 Qb6 11. a4 a5 12. Bb5 O-O 13. d3 Nb8 14. Ng3 e6 15.
O-O f5 16. exf5 Rxf5 17. Nxf5 gxf5 18. Rf3 Nd7 19. Bxd7 Bxd7 20. Rh3 Rf8 21.
Qh5 h6 22. Ba3 Qc7 23. Qe2 Rf6 24. Rg3 Kh7 25. Bb2 e5 26. Qf2 Bc6 27. Re1 Rf7
28. Re2 Bh8 29. Rh3 Bg7 30. Rh5 Bd7 31. Bc1 Rf6 32. Bd2 Rg6 33. Qe1 Qxc2 34.
Rh3 Bc6 35. Qf1 e4 36. Bxa5 Qxb3 37. Re1 e3 38. Rg3 Rxg3 39. hxg3 Qd5 40. Bc7
Bxa4 41. Rb1 Bc6 42. Bb6 Qa2 43. Re1 Qa6 44. Bc7 Bb5 45. Ra1 Qc6 46. Rc1 Qe8
47. Qe2 Qe4 48. Rd1 Qc6 49. Bd8 Ba6 50. Ba5 b6 51. Bb4 Bb7 52. g4 Bc8 53. gxf5
Bxf5 54. g4 Bc8 55. Rf1 Bb7 56. Kh2 Qd5 57. Kg3 Bf8 58. Rc1 Kg8 59. Rc7 Qh1 60.
Be1 Qg1+ 61. Kh3 Qh1+ 62. Kg3 1/2-1/2